LEADER 00558nab a2200145 i 4500 001 000000263041 003 CaOOAMICUS 005 20051116000000.0 008 051116n xx uu u0 0und r 013 $a4540 040 $aSeMil$bita 245 13$aLa nouvelle évangélisation :$bParis Toussaint 2004. - Titolo principale dalla copertina. 500 $a21 novembre 2004 (N° 2324). 773 0 $t[2004.$dParis : Bayard, 2004.$w()141393 996 $6245$aLa nouvelle évangélisation :$bParis Toussaint 2004. - Titolo principale dalla copertina.$9(OLS)http://semarc/title/356314 LEADER 00795nam a2200205 i 4500 001 000000197866 003 CaOOAMICUS 005 20110804000000.0 008 110804s1848 it u000 u ita u 013 $a176554 040 $aSeMil$bita 100 1 $aPellico, Silvio,$d<1789-1854>.$0(OLS)http://semarc/name/11420 245 13$aLe mie prigioni /$cmemorie di Silvio Pellico ; colle addizioni di Piero Maroncelli. 260 $aLugano :$b[s.n.],$c1848. 300 $aXLIX, 429 p. ;$c16 cm. 700 1 $aMaroncelli, Piero.$0(OLS)http://semarc/name/58151 850 $aSeMil 852 $aSeMil$W1$xVenegono$y1$m1O II 5 FA$j148422$B148422$CSeMilBibl$Z2$F166268 $8I 996 $6245$aLe mie prigioni$9(OLS)http://semarc/title/123310 996 $6260$aLugano :$b[s.n.]$9(OLS)http://semarc/publisher/30550